1966 1561 1467 1364 1266 1152 1658 1858 1657 1427 1939 1609 1333 1288 1847 1147 1848 1690 1074 1183 1504 1220 1021 1862 1011 1830 1380 1392 1584 1690 1508 1243 1545 1670 1988 1960 1188 1654 1258 1889 1804 1218 1155 1897 1291 1170 1423 1155 1347 1588 1678 1827 1728 1076 1995 1255 1682 1983 1084 1577 1465 1175 1161 1858 1156 1844 1994 1701 1150 1707 1741 1944 1435 1261 1805 1896 1586 1159 1402 1257 1462 1392 1772 1176 1870 1066 1845 1033 1937 1800 1133 1012 1767 1467 1189 1728 1826 1106 1212 BCNSPRNW ULIB Ver.6.0+V

เปลี่ยนเป็นภาษาไทย

Change to English
 แสดงรายละเอียดบรรณานุกรม
  กลับหน้าหลัก

Brief Record : Get Marc (ISO 2709) : E-mail record : QR code < ปิดหน้าต่าง
LEADER : 00000nam 2200000uu 4500
001    13399109209
003     ULIB
008    110324s2543||||th 000 0 tha d
020    9742990433
060 04 WA525^bอ218ข 2543
100 0  อนุวัฒน์ ศุภชุติกุล
245 10 ขั้นตอนการทำกิจกรรมพัฒนาคุณภาพ :^bรูปแบบสำหรับบริการสุขภาพ/^cอนุวัฒน์ ศุภชุติกุล ... [และคนอื่นๆ]
250    พิมพ์ครั้งที่ 4
260    กรุงเทพฯ :^bสถาบันวิจัยระบบสาธารสุข,^c2543
300    156 หน้า ;^c24 ซม.
490 0  ชุด "การพัฒนาคุณภาพบริการโรงพยาบาล"
650  0 Hospitals accreditation
650  2 Hospital Administration
650  7 บริการการพยาบาลของโรงพยาบาล
650  7 บริการทางการแพทย์
650  7 โรงพยาบาล, การบริหาร
650  7 บริการสุขภาพ, การวิจัย
650  7 โรงพยาบาล^xการประกันคุณภาพ
700 0  อนุวัฒน์ ศุภชุติกุล
710 2  สถาบันพัฒนาและรับรองคุณภาพโรงพยาบาล
945    ^p240^l0^i018464
945    ^p240^l0^i014558
945    ^p240^l0^i014556
945    ^p240^l0^i014557
995    ทศพร
999 ^a ใช้งานได้ทุกระบบ
รายการนี้ยังไม่มีแท็ก
คุณยังไม่ได้ล็อกอิน คุณสามารถมีกิจกรรมร่วมกับเว็บไซต์ได้ แต่ต้องล็อกอินก่อน ::
  ล็อกอิน

รายการสื่อสารสนเทศ

ลำดับที่ ประเภท เลขเรียก/บาร์โค้ด สถานที่ สถานะ
- ไม่พบข้อมูล -

รายการใกล้เคียง
    ผู้แต่ง [อนุวัฒน์ ศุภชุติกุล]

    หัวเรื่อง [Hospitals accreditation]
    หัวเรื่อง [Hospital Administration]
    หัวเรื่อง [บริการทางการแพทย์]
    หัวเรื่อง [บริการสุขภาพ, การวิจัย]

BibComment


ยังไม่เคยถูกคอมเมนท์

คอมเมนท์ทรัพยากรรายการนี้
  คอมเมนท์: ขั้นตอนการทำกิจกร..


 Copyright 2026. Bcnsprnw @Library